| 000 | 01248cam a22003497a 4500 | ||
|---|---|---|---|
| 003 | CHAP | ||
| 005 | 20220329141855.0 | ||
| 008 | 980324s1992 mx a r 00010 spa d | ||
| 010 | _a75118 | ||
| 011 | _a76090 | ||
| 035 | _a85667 | ||
| 040 | _cCHAP | ||
| 090 | _aTesis | ||
| 100 |
_aRangel Lucio, José Antonio. _994607 |
||
| 245 | 1 | 0 |
_aAfinidad y efecto de Azospirillum sp. en algunos caracteres morfológicos de cinco variedades de maíz (Zea mays L.) _c/por José Antonio Rangel Lucio |
| 260 |
_aMontecillo, Méx. : _bEl autor, _c1992 |
||
| 300 |
_a126 h. : _bgráfs., apend. |
||
| 502 | _aTesis (M. C. Esp. en Edafología) -- C.P. Centro de Edafología | ||
| 590 |
_aALEPH _b10 _c20130110 _lUCH01 _h1422 |
||
| 590 |
_aBATCH-UPD _b10 _c20130110 _lUCH01 _h0838 |
||
| 590 |
_aBATCH-UPD _b10 _c20130410 _lUCH01 _h0516 |
||
| 590 |
_aBATCH-UPD _b10 _c20130914 _lUCH01 _h0508 |
||
| 590 |
_aCONVERSION _b10 _c20130109 _lUCH01 _h1341 |
||
| 650 | 1 | 4 |
_aAzospirillum. _99126 |
| 650 | 1 | 4 |
_aMaíz _xFisiología y morfología. _970958 |
| 650 | 1 | 4 |
_aMaíz _xVariedades. _971081 |
| 901 | _aBK | ||
| 905 | _aLilia Sánchez G. | ||
| 942 | _cFOLL | ||
| 949 |
_bBC _cTES _d33724000591640 _eTS2 _fc.2 _h25817 _i85667 _si |
||
| 949 |
_bBC _cTES _d856671 _eTS1 _h25816 _i85667 _sb |
||
| 999 |
_c75118 _d75118 |
||